Personnages de Cendrillon (1, 2 & 3) - Statistiques

Statistiques générales
  • Ce quiz a été pris 51 fois
    16 depuis la dernière actualisation
  • Le résultat moyen est 10 sur 16
Statistiques - réponses
Personnages % Correct
Anastasie
100%
Cendrillon
100%
Javotte
100%
Gus
91%
Lady Trémaine
82%
Jaq
73%
Lucifer
73%
Pataud
73%
Le Roi
64%
La Fée Marraine
55%
Grand-Duc
45%
Prince Charmant
45%
Prudence
36%
Le Boulanger
18%
Major
9%
Pom-Pom
9%
Aucun quiz correspondant
Distribution des résultats
% des personnes avec chaque résultat
Percentile par nombre de réponses
Votre historique - résultats
Vous n’avez pas pris ce quiz depuis la dernière actualisation